| 000 | 00361cam a2200145ua 4500 | ||
|---|---|---|---|
| 041 |
_aeng _h |
||
| 082 |
_a824 _bEIN/ES |
||
| 100 | _aEinstein, Albert . | ||
| 245 |
_aEssays in science / _cAlbert Einstein. _hTextual Documents |
||
| 260 |
_aNew York : _bPhilosophical Library , _c1934. |
||
| 300 | _a114 ; . | ||
| 504 | _a | ||
| 942 | _cBK | ||
| 999 |
_c6284 _d6284 |
||